ATP Top 50 - 2015 - Statistics

General Stats
  • This quiz has been taken 99 times
    75 since last reset
  • The average score is 30 of 50
Answer Stats
# Nationality Player % Correct
5 Spain Rafael Nadal
100%
2 United Kingdom Andy Murray
98%
1 Serbia Novak Djokovic
98%
3 Switzerland Roger Federer
98%
4 Switzerland Stan Wawrinka
98%
8 Japan Kei Nishikori
96%
7 Spain David Ferrer
92%
12 South Africa Kevin Anderson
92%
24 France Gael Monfils
90%
10 France Jo-Wilfried Tsonga
90%
11 USA John Isner
88%
13 Croatia Marin Cilic
88%
16 Belgium David Goffin
86%
28 Bulgaria Grigor Dimitrov
86%
20 Austria Dominic Thiem
84%
14 Canada Milos Raonic
84%
6 Czech Republic Tomas Berdych
84%
30 Australia Nick Kyrgios
80%
9 France Richard Gasquet
80%
21 Italy Fabio Fognini
75%
25 Spain Roberto Bautista Agut
69%
15 France Gilles Simon
65%
44 Croatia Borna Coric
59%
49 Spain Fernando Verdasco
57%
40 Uruguay Pablo Cuevas
55%
46 Cyprus Marcos Baghdatis
53%
38 Luxembourg Gilles Muller
51%
33 Portugal Joao Sousa
49%
47 France Adrian Mannarino
47%
19 France Benoit Paire
45%
26 USA Jack Sock
45%
29 Italy Andreas Seppi
43%
27 Spain Guillermo Garcia-Lopez
43%
39 Canada Vasek Pospisil
43%
36 Ukraine Alexandr Dolgopolov
41%
17 Spain Feliciano Lopez
41%
22 Serbia Viktor Troicki
39%
23 Croatia Ivo Karlovic
37%
18 Australia Bernard Tomic
35%
43 Slovakia Martin Klizan
33%
34 Germany Philipp Kohlschreiber
31%
37 Brazil Thomaz Bellucci
31%
45 Slovenia Aljaz Bedene
29%
31 France Jeremy Chardy
29%
32 USA Steve Johnson
22%
42 Spain Tommy Robredo
22%
41 Czech Republic Jiri Vesely
20%
35 Argentina Leonardo Mayer
18%
48 USA Donald Young
14%
50 Russia Teymuraz Gabashvili
4%
No matching quizzes found
Score Distribution
Percent of People with Each Score
Percentile by Number Answered
Your Score History
You have not taken this quiz since the last reset